| 000 | 01217nam a22003617a 4500 | ||
|---|---|---|---|
| 003 | CHAP | ||
| 005 | 20220817042129.0 | ||
| 008 | 971013s1955 it r 00010 eng d | ||
| 010 | _a35611 | ||
| 011 | _a36583 | ||
| 035 | _a40702 | ||
| 040 | _cCHAP | ||
| 082 | 0 | 4 |
_a631.5016 _bF36 |
| 110 | 1 | _aFAO | |
| 245 | 1 | _aBibliography of land and water utilization and conservation in Europe | |
| 260 |
_aRoma : _bFAO, _c1955 |
||
| 300 | _a347 p. | ||
| 590 |
_aBATCH-UPD _b10 _c20130110 _lUCH01 _h0201 |
||
| 590 |
_aBATCH-UPD _b10 _c20130110 _lUCH01 _h2218 |
||
| 590 |
_aBATCH-UPD _b10 _c20130409 _lUCH01 _h2210 |
||
| 590 |
_aBATCH-UPD _b10 _c20130410 _lUCH01 _h1518 |
||
| 590 |
_aBATCH-UPD _b10 _c20130914 _lUCH01 _h1247 |
||
| 590 |
_aCONVERSION _b10 _c20130109 _lUCH01 _h1320 |
||
| 650 | 1 | 4 |
_aAgua _xConservacion _xBibliografia. _92320 |
| 650 | 1 | 4 |
_aSuelos _xConservación _xBibliografía. _9110287 |
| 700 | 0 |
_aEdelman, C. H. _935325 |
|
| 700 | 0 |
_aEeuwens, B. E. P. _935741 |
|
| 901 | _aBK | ||
| 942 | _cLIBRO | ||
| 949 |
_a631.5016 F36 _bBC _cFAO _d-93000 _eFAO2 _fc.2 _h21654 _i40702 _si |
||
| 949 |
_a631.5016 F36 _bBC _cFAO _d-93001 _eFAO2 _fc.3 _h21655 _i40702 _si |
||
| 949 |
_a631.5016 F36 _bBC _cFAO _d33724002037884 _eFAO1 _h26209 _i40702 _si |
||
| 999 |
_c35611 _d35611 |
||